[Event "TCh-FRA Top 12 2012"]
[Site "Belfort FRA"]
[Date "2012.06.02"]
[Round "3.4"]
[White "Nezar, Mustapha"]
[Black "Bogner, Sebastian"]
[Result "1/2-1/2"]
[WhiteTitle "IM"]
[BlackTitle "GM"]
[WhiteElo "2391"]
[BlackElo "2569"]
[WhiteTeam "VANDOEUVRE Echecs"]
[BlackTeam "MULHOUSE Philidor"]
[WhiteFideId "608637"]
[BlackFideId "4692055"]
[EventDate "2012.05.31"]

1. d4 d6 2. e4 Nf6 3. f3 c5 4. d5 e6 5. c4 exd5 6. cxd5 Be7 7. Nc3 O-O 8. Bd3
Nh5 9. Nge2 Nd7 10. O-O Ne5 11. Bc2 Qb6 12. f4 c4+ 13. Qd4 Nd7 14. Qxb6 Nxb6 15.
Be3 Nf6 16. Nb5 Bd7 17. Nec3 Bxb5 18. Nxb5 Nfd7 19. a4 a6 20. Nc3 a5 21. Rfd1
Rfc8 22. Nb5 g6 23. Kf2 Ra6 24. Kf3 Na8 25. Rac1 Nab6 26. Ra1 Na8 27. Rac1 Nab6
28. Ra1 1/2-1/2

[Event "TCh-FRA Top 12 2012"]
[Site "Belfort FRA"]
[Date "2012.06.02"]
[Round "3.5"]
[White "Sokolov, Andrei1"]
[Black "Paci, Cedric"]
[Result "1-0"]
[WhiteTitle "GM"]
[BlackTitle "FM"]
[WhiteElo "2570"]
[BlackElo "2379"]
[WhiteTeam "MULHOUSE Philidor"]
[BlackTeam "VANDOEUVRE Echecs"]
[WhiteFideId "627089"]
[BlackFideId "614203"]
[EventDate "2012.05.31"]

1. e4 e5 2. Nf3 Nc6 3. Bb5 Nf6 4. O-O Bc5 5. c3 O-O 6. d4 Bb6 7. Bg5 h6 8. Bh4
exd4 9. cxd4 g5 10. Nxg5 hxg5 11. Bxg5 Bxd4 12. Nc3 Re8 13. Nd5 Rxe4 14. Qf3 Re6
15. Rae1 Kg7 16. Qg3 Nh5 17. Bf6+ Kf8 18. Qa3+ 1-0

[Event "TCh-FRA Top 12 2012"]
[Site "Belfort FRA"]
[Date "2012.06.02"]
[Round "3.6"]
[White "Philippe, Christophe"]
[Black "Demuth, Adrien"]
[Result "1/2-1/2"]
[WhiteTitle "IM"]
[BlackTitle "IM"]
[WhiteElo "2403"]
[BlackElo "2423"]
[WhiteTeam "VANDOEUVRE Echecs"]
[BlackTeam "MULHOUSE Philidor"]
[WhiteFideId "610038"]
[BlackFideId "642274"]
[EventDate "2012.05.31"]

1. e4 c5 2. Nf3 d6 3. c3 Nf6 4. Be2 Bd7 5. d3 Nc6 6. O-O g6 7. Re1 Bg7 8. Bf1 e5
9. a3 O-O 10. b4 cxb4 11. axb4 a6 12. Nbd2 h6 13. Bb2 Re8 14. h3 d5 15. Nb3 b6
16. Ra3 Bf8 17. Ra1 Bg7 18. Nfd2 Be6 19. Qf3 Qc7 20. Ra3 a5 21. bxa5 Nxa5 22.
Nxa5 Rxa5 23. Rea1 Rea8 24. c4 Rxa3 25. Rxa3 Rxa3 26. Bxa3 d4 27. Qd1 Nd7 28.
Qa4 Bf8 29. Be2 Bxa3 30. Qxa3 Qc5 31. Qa8+ Kg7 32. Qd8 Qf8 33. Qc7 Qc5 34. Qd8
Qf8 35. Qc7 Qc5 1/2-1/2

[Event "TCh-FRA Top 12 2012"]
[Site "Belfort FRA"]
[Date "2012.06.02"]
[Round "3.7"]
[White "Riff, Jean-Noel"]
[Black "Genzling, Alain"]
[Result "1-0"]
[WhiteTitle "IM"]
[BlackTitle "IM"]
[WhiteElo "2494"]
[BlackElo "2408"]
[WhiteTeam "MULHOUSE Philidor"]
[BlackTeam "VANDOEUVRE Echecs"]
[WhiteFideId "611190"]
[BlackFideId "632708"]
[EventDate "2012.05.31"]

1. e4 c5 2. Nf3 g6 3. d4 cxd4 4. Nxd4 Nc6 5. Nc3 Bg7 6. Be3 Nf6 7. Bc4 O-O 8.
Bb3 a5 9. O-O Nxd4 10. Bxd4 d6 11. Re1 Bd7 12. Nd5 Nxd5 13. Bxg7 Kxg7 14. exd5
b5 15. a3 Re8 16. Qd4+ Kg8 17. Re3 Rc8 18. c3 e5 19. dxe6 Bxe6 20. Bxe6 Rxe6 21.
Rxe6 fxe6 22. Rd1 Rc6 23. g3 Qe7 24. Re1 Qd7 25. Re3 d5 26. h4 a4 27. h5 gxh5
28. Re5 h6 29. Rxh5 Qg7 30. Rxd5 Qxd4 31. Rxd4 Kf7 32. Kf1 Rc5 33. Ke2 Kf6 34.
Rf4+ Ke7 35. Kd3 Rd5+ 36. Kc2 Re5 37. Kd3 Rd5+ 38. Rd4 Rf5 39. Ke3 Re5+ 40. Re4
Rd5 41. c4 bxc4 42. Rxc4 Rb5 43. Rb4 Ra5 44. Kd3 Kf6 45. Rf4+ Kg5 46. Kc4 e5 47.
Re4 Kf5 48. Rh4 Kg5 49. f4+ exf4 50. Rxf4 Re5 51. Rf3 Kg4 52. Rd3 Re4+ 53. Kc3
h5 54. b4 axb3 55. Kxb3 Kf5 56. a4 Ke6 57. a5 Ke7 58. Rd5 Rh4 59. a6 1-0

[Event "TCh-FRA Top 12 2012"]
[Site "Belfort FRA"]
[Date "2012.06.03"]
[Round "4.3"]
[White "Feller, Sebastien"]
[Black "Riff, Jean-Noel"]
[Result "1/2-1/2"]
[WhiteTitle "GM"]
[BlackTitle "IM"]
[WhiteElo "2640"]
[BlackElo "2494"]
[WhiteTeam "EVRY Grand Roque"]
[BlackTeam "MULHOUSE Philidor"]
[WhiteFideId "634654"]
[BlackFideId "611190"]
[EventDate "2012.05.31"]

1. Nf3 Nf6 2. c4 e6 3. g3 d5 4. Bg2 c6 5. d4 Bb4+ 6. Nc3 Nbd7 7. Qb3 a5 8. O-O
O-O 9. Bg5 Be7 10. cxd5 exd5 11. Rad1 Ne8 12. Bf4 Nc7 13. Rfe1 Ne6 14. Bc1 Nb6
15. Qc2 f5 16. b3 Bd7 17. Bb2 Nc8 18. Ne5 Nd6 19. Ba3 Ne4 20. Bxe7 Qxe7 21. e3
Be8 22. Rb1 g5 23. f3 Nd6 24. Qd2 Nf7 25. Nd3 Qf6 26. f4 gxf4 27. Nxf4 Nfg5 28.
Rf1 Qh6 29. Na4 Bh5 30. Nb6 Rad8 31. Rbe1 Ne4 32. Qxa5 N6g5 33. Qb4 Rf7 34. Na4
Bg4 35. Nc5 Re8 36. h4 Nxg3 37. hxg5 Qxg5 38. Nfe6 Qh6 39. Rf2 Rxe6 40. Nxe6
Qxe6 41. Qa5 Qd6 1/2-1/2

[Event "TCh-FRA Top 12 2012"]
[Site "Belfort FRA"]
[Date "2012.06.03"]
[Round "4.5"]
[White "Tkachiev, Vladislav"]
[Black "Shoker, Samy"]
[Result "1/2-1/2"]
[WhiteTitle "GM"]
[BlackTitle "IM"]
[WhiteElo "2641"]
[BlackElo "2517"]
[WhiteTeam "EVRY Grand Roque"]
[BlackTeam "MULHOUSE Philidor"]
[WhiteFideId "618438"]
[BlackFideId "627143"]
[EventDate "2012.05.31"]

1. e4 c5 2. c3 d6 3. d4 Nf6 4. Bd3 g6 5. Nf3 Bg7 6. h3 O-O 7. O-O Qc7 8. Bf4
Nfd7 9. Qd2 e5 10. Bh6 Nc6 11. Bxg7 Kxg7 12. Na3 a6 13. Nc2 Nf6 14. Rfe1 Re8 15.
dxc5 dxc5 16. Ne3 Be6 17. Ng5 Rad8 18. Qe2 b5 19. Nxe6+ Rxe6 20. Bc2 Red6 21.
Red1 h5 22. h4 c4 23. g3 Qb6 24. Rxd6 Rxd6 25. Rd1 Qc5 26. Rd2 Kf8 27. Qd1 Rxd2
28. Qxd2 Qe7 29. b3 cxb3 30. axb3 b4 31. Nd5 1/2-1/2

[Event "TCh-FRA Top 12 2012"]
[Site "Belfort FRA"]
[Date "2012.06.03"]
[Round "4.6"]
[White "Sokolov, Andrei1"]
[Black "Hauchard, Arnaud"]
[Result "1/2-1/2"]
[WhiteTitle "GM"]
[BlackTitle "GM"]
[WhiteElo "2570"]
[BlackElo "2536"]
[WhiteTeam "MULHOUSE Philidor"]
[BlackTeam "EVRY Grand Roque"]
[WhiteFideId "627089"]
[BlackFideId "600113"]
[EventDate "2012.05.31"]

1. e4 d5 2. exd5 Nf6 3. Nf3 Qxd5 4. Nc3 Qh5 5. d4 Bg4 6. Bf4 Nc6 7. Bb5 e6 8.
Be5 Bd6 9. Qe2 O-O 10. Bxc6 bxc6 11. O-O-O Nd5 1/2-1/2

[Event "TCh-FRA Top 12 2012"]
[Site "Belfort FRA"]
[Date "2012.06.03"]
[Round "4.8"]
[White "Choisy, Mathilde"]
[Black "Sochacki, Christophe"]
[Result "0-1"]
[WhiteTitle "WFM"]
[BlackTitle "IM"]
[WhiteElo "2205"]
[BlackElo "2412"]
[WhiteTeam "MULHOUSE Philidor"]
[BlackTeam "EVRY Grand Roque"]
[WhiteFideId "634565"]
[BlackFideId "662569"]
[EventDate "2012.05.31"]

1. e4 c5 2. Nf3 d6 3. d4 cxd4 4. Nxd4 Nf6 5. Nc3 g6 6. Be3 Bg7 7. f3 Nc6 8. Bc4
O-O 9. Qd2 Bd7 10. O-O-O Rc8 11. Bb3 Nxd4 12. Bxd4 b5 13. Kb1 a5 14. a4 bxa4 15.
Nxa4 Bxa4 16. Bxa4 Rc4 17. Bxf6 Bxf6 18. Bb3 Qb6 19. Rhe1 Rc5 20. e5 Rxe5 21.
Qf4 a4 22. Qxa4 Ra5 23. Qc4 Rfa8 24. c3 d5 0-1

[Event "TCh-FRA Top 12 2012"]
[Site "Belfort FRA"]
[Date "2012.06.03"]
[Round "4.1"]
[White "Gharamian, Tigran"]
[Black "Giri, Anish"]
[Result "1/2-1/2"]
[WhiteTitle "GM"]
[BlackTitle "GM"]
[WhiteElo "2672"]
[BlackElo "2693"]
[WhiteTeam "L'Echiquier Deauvillais"]
[BlackTeam "Echiquier Chalonnais"]
[WhiteFideId "13301527"]
[BlackFideId "24116068"]
[EventDate "2012.05.31"]

1. e4 e5 2. Nf3 Nc6 3. Bb5 Nf6 4. O-O Nxe4 5. d4 Nd6 6. Bxc6 dxc6 7. dxe5 Nf5 8.
Qxd8+ Kxd8 9. Nc3 Ke8 10. h3 h6 11. b3 Bd7 12. Rd1 Rd8 13. Bf4 Ne7 14. e6 Bxe6
15. Bxc7 Rc8 16. Ne4 Ng6 17. Bg3 c5 18. h4 Be7 19. h5 1/2-1/2

[Event "TCh-FRA Top 12 2012"]
[Site "Belfort FRA"]
[Date "2012.06.03"]
[Round "4.3"]
[White "Tirard, Hugo"]
[Black "Krasenkow, Michal"]
[Result "0-1"]
[WhiteTitle "IM"]
[BlackTitle "GM"]
[WhiteElo "2478"]
[BlackElo "2604"]
[WhiteTeam "L'Echiquier Deauvillais"]
[BlackTeam "Echiquier Chalonnais"]
[WhiteFideId "607100"]
[BlackFideId "1113100"]
[EventDate "2012.05.31"]

1. e4 c5 2. Nf3 Nc6 3. d4 cxd4 4. Nxd4 Nf6 5. Nc3 e5 6. Ndb5 d6 7. Bg5 a6 8. Na3
b5 9. Nd5 Be7 10. Bxf6 Bxf6 11. c4 b4 12. Nc2 O-O 13. h4 Be6 14. g3 Rb8 15. b3
a5 16. Rc1 g6 17. Bg2 Bg7 18. O-O Bh6 19. Nde3 Qb6 20. Qd3 Rbd8 21. Rcd1 Ne7 22.
Kh2 Kh8 23. Qe2 f5 24. exf5 gxf5 25. Nd5 Bxd5 26. Bxd5 f4 27. Be4 Rf6 28. Rd3
Rg8 29. Ne1 Qb8 30. Nf3 Qc8 31. Ng1 Nf5 32. Qh5 Qf8 33. Kh3 Ng7 34. Qd1 fxg3 35.
Rxg3 Bf4 36. Rg4 h5 37. Rg6 Rxg6 38. Bxg6 Qc8+ 39. Kg2 Qe6 40. Be4 Ne8+ 41. Kh1
Rg4 42. Re1 Nf6 43. Qd3 Nxe4 44. Rxe4 Rxh4+ 45. Kg2 Qg4+ 0-1

[Event "TCh-FRA Top 12 2012"]
[Site "Belfort FRA"]
[Date "2012.06.03"]
[Round "4.5"]
[White "Battaglini, Gabriel"]
[Black "Dourerassou, Jonathan"]
[Result "1/2-1/2"]
[WhiteTitle "IM"]
[BlackTitle "IM"]
[WhiteElo "2412"]
[BlackElo "2462"]
[WhiteTeam "L'Echiquier Deauvillais"]
[BlackTeam "Echiquier Chalonnais"]
[WhiteFideId "621650"]
[BlackFideId "628050"]
[EventDate "2012.05.31"]

1. d4 Nf6 2. c4 g6 3. Nc3 d5 4. Bg5 Ne4 5. Bh4 Nxc3 6. bxc3 dxc4 7. e3 Be6 8.
Nf3 Nd7 9. d5 Bf5 10. Qd4 Rg8 11. Bxc4 Bg7 12. Qd2 Nb6 13. Bb3 a5 14. a4 Be4 15.
Rd1 Qd6 16. O-O Bxf3 17. gxf3 Be5 18. Bg3 g5 19. Bxe5 Qxe5 20. Qd4 Qd6 21. Bc2
Nd7 22. Bf5 Ne5 23. Qe4 h5 24. Kh1 Nd7 25. Bxd7+ Qxd7 26. Rb1 Rb8 27. Qh7 Rf8
28. Qxh5 Qxd5 29. Rfd1 Qe5 30. Rb5 c5 31. Qg4 Rh8 32. Qg3 Qxg3 33. fxg3 b6 34.
Rd5 f6 35. Rdxc5 Kd7 36. Rc4 Rhc8 37. Rd4+ Ke6 38. c4 Rc6 39. Rb3 Rbc8 40. Rc3
Kf7 41. g4 e5 42. Rd7+ Kg6 43. Rb7 1/2-1/2

[Event "TCh-FRA Top 12 2012"]
[Site "Belfort FRA"]
[Date "2012.06.03"]
[Round "4.6"]
[White "Abergel, Thal"]
[Black "Houska, Jovanka"]
[Result "1-0"]
[WhiteTitle "GM"]
[BlackTitle "IM"]
[WhiteElo "2451"]
[BlackElo "2411"]
[WhiteTeam "Echiquier Chalonnais"]
[BlackTeam "L'Echiquier Deauvillais"]
[WhiteFideId "614890"]
[BlackFideId "405094"]
[EventDate "2012.05.31"]

1. c4 e6 2. d4 d5 3. Nf3 Nf6 4. Nc3 Be7 5. g3 O-O 6. Bg2 dxc4 7. Ne5 Nc6 8. Nxc6
bxc6 9. O-O Rb8 10. Qa4 Qxd4 11. Be3 Qe5 12. Qxa7 Rb7 13. Bf4 Qh5 14. Qa4 Nd5
15. Bf3 Qg6 16. Bc1 Bb4 17. Qxc6 Nxc3 18. bxc3 Bxc3 19. Ba3 Bb4 20. Bxb4 Rxb4
21. Qxc7 Ba6 22. Qa5 Rfb8 23. Qxa6 h5 24. Rac1 1-0

[Event "TCh-FRA Top 12 2012"]
[Site "Belfort FRA"]
[Date "2012.06.03"]
[Round "4.7"]
[White "Godard, Maxence"]
[Black "Vernay, Clovis"]
[Result "1-0"]
[WhiteTitle "IM"]
[BlackTitle "IM"]
[WhiteElo "2363"]
[BlackElo "2441"]
[WhiteTeam "L'Echiquier Deauvillais"]
[BlackTeam "Echiquier Chalonnais"]
[WhiteFideId "603694"]
[BlackFideId "633046"]
[EventDate "2012.05.31"]

1. d4 d5 2. c4 c6 3. Nf3 Nf6 4. e3 Bf5 5. Nc3 e6 6. Nh4 Bg4 7. Qb3 Qc7 8. h3 Bh5
9. Bd2 Be7 10. g4 Ne4 11. Nxe4 dxe4 12. Ng2 Bg6 13. Nf4 Nd7 14. Bg2 e5 15. Nxg6
hxg6 16. Bxe4 O-O-O 17. d5 Nc5 18. Qc2 f5 19. gxf5 Rh4 20. Bf3 e4 21. Be2 gxf5
22. b4 Na6 23. Qa4 Qe5 24. Rd1 Rdh8 25. dxc6 Rxh3 26. cxb7+ Kxb7 27. Rxh3 Rxh3
28. c5 Rh1+ 29. Bf1 Nc7 30. Qc2 Nd5 31. c6+ Kb8 32. Qc4 Nb6 33. Qa6 Qc7 34. b5
Bh4 35. Bc3 Bxf2+ 36. Ke2 Bg3 37. Rd8+ Nc8 38. Rd7 1-0

[Event "TCh-FRA Top 12 2012"]
[Site "Belfort FRA"]
[Date "2012.06.03"]
[Round "4.8"]
[White "Benmesbah, Natacha"]
[Black "Fruteau, Sabine"]
[Result "1-0"]
[WhiteTitle "WIM"]
[BlackTitle "WFM"]
[WhiteElo "2208"]
[BlackElo "2127"]
[WhiteTeam "Echiquier Chalonnais"]
[BlackTeam "L'Echiquier Deauvillais"]
[WhiteFideId "642002"]
[BlackFideId "601942"]
[EventDate "2012.05.31"]

1. e4 e5 2. Bc4 Bc5 3. Nc3 Nc6 4. Qg4 g6 5. Qf3 Qf6 6. Nd5 Qxf3 7. Nxf3 Bd6 8.
c3 Nce7 9. Ne3 c6 10. Ng4 f6 11. d4 exd4 12. Nxd4 h5 13. Ne3 Bc5 14. O-O b5 15.
Bd3 a5 16. a4 Bxd4 17. cxd4 b4 18. Nc4 Kf7 19. Bf4 g5 20. Bc7 d5 21. Ne3 Bd7 22.
Rfc1 dxe4 23. Bxe4 Ra7 24. Bb6 Ra6 25. Bc5 Nc8 1-0

[Event "TCh-FRA Top 12 2012"]
[Site "Belfort FRA"]
[Date "2012.06.03"]
[Round "4.1"]
[White "Gyimesi, Zoltan"]
[Black "Iordachescu, Viorel"]
[Result "1-0"]
[WhiteTitle "GM"]
[BlackTitle "GM"]
[WhiteElo "2651"]
[BlackElo "2614"]
[WhiteTeam "BISCHWILLER"]
[BlackTeam "METZ Fischer"]
[WhiteFideId "702218"]
[BlackFideId "13900200"]
[EventDate "2012.05.31"]

1. d4 Nf6 2. c4 e6 3. Nf3 b6 4. g3 Ba6 5. Qa4 c6 6. Nc3 b5 7. cxb5 cxb5 8. Nxb5
Qb6 9. Nc3 Bb4 10. Bg2 O-O 11. Qc2 Rc8 12. O-O d5 13. Re1 Ne4 14. Bd2 Nd7 15. e3
Ndf6 16. Rec1 Rab8 17. Ne5 Bd6 18. Rab1 Bxe5 19. dxe5 Ng4 20. Bxe4 dxe4 21. Qxe4
h5 22. Qd4 Rd8 23. Qxb6 Rxb6 24. Be1 Nxe5 25. Na4 Nf3+ 26. Kg2 Bb7 27. Nxb6 axb6
28. Bb4 Be4 29. Ra1 Ne1+ 30. Kf1 Nc2 31. Rxc2 Bxc2 32. Rc1 Be4 33. Ke2 Bd3+ 34.
Ke1 Be4 35. Rd1 Rc8 36. Bc3 b5 37. Rd6 Bd5 38. a3 f6 39. e4 Bxe4 40. Rxe6 Bf3
41. Kd2 Kf7 42. Rb6 Rc5 43. Bd4 Rf5 44. Kc3 h4 45. Kb4 hxg3 46. hxg3 Rd5 47. Bc5
Rd2 48. Kc3 Rd5 49. Rxb5 Kg6 50. b4 Be2 51. Rb7 Rd3+ 52. Kb2 Rd2+ 53. Kc1 Ra2
54. b5 Bd3 55. Kd1 Be2+ 56. Ke1 Bf3 57. Re7 Rc2 58. Bb4 Kf5 59. Re3 Kg4 60. Bc3
Rc1+ 61. Kd2 Rf1 62. Rxf3 Kxf3 63. b6 Rxf2+ 64. Kd3 Re2 65. a4 Re3+ 66. Kc4 Kxg3
67. a5 1-0

[Event "TCh-FRA Top 12 2012"]
[Site "Belfort FRA"]
[Date "2012.06.03"]
[Round "4.4"]
[White "Koch, Jean-Rene"]
[Black "Kosten, Anthony C."]
[Result "0-1"]
[WhiteTitle "IM"]
[BlackTitle "GM"]
[WhiteElo "2484"]
[BlackElo "2493"]
[WhiteTeam "METZ Fischer"]
[BlackTeam "BISCHWILLER"]
[WhiteFideId "600148"]
[BlackFideId "400114"]
[EventDate "2012.05.31"]

1. e4 e5 2. f4 exf4 3. Bc4 Nc6 4. d4 Nf6 5. e5 d5 6. Bb5 Ne4 7. Bxf4 Qh4+ 8. g3
Nxg3 9. Bxg3 Qe4+ 10. Kf2 Qxh1 11. Nd2 h5 12. Ndf3 h4 13. Bf4 h3 14. Bf1 Be7 15.
Qd2 Rh5 16. e6 Bxe6 17. Re1 g5 18. Bxh3 gxf4 19. Qxf4 O-O-O 20. Qxf7 Bxh3 21.
Nxh3 Bh4+ 0-1

[Event "TCh-FRA Top 12 2012"]
[Site "Belfort FRA"]
[Date "2012.06.03"]
[Round "4.5"]
[White "Marcelin, Cyril"]
[Black "Lazarev, Vladimir"]
[Result "1-0"]
[WhiteTitle "GM"]
[BlackTitle "GM"]
[WhiteElo "2477"]
[BlackElo "2438"]
[WhiteTeam "BISCHWILLER"]
[BlackTeam "METZ Fischer"]
[WhiteFideId "607274"]
[BlackFideId "4113250"]
[EventDate "2012.05.31"]

1. c4 e6 2. g3 d5 3. Bg2 Nf6 4. Nf3 dxc4 5. Na3 Bxa3 6. bxa3 b5 7. Ne5 Nd5 8. d3
Qd6 9. Bf4 Qxa3 10. dxc4 bxc4 11. O-O Bb7 12. Nxc4 Qa6 13. Qb3 Nd7 14. Bxc7 Nc5
15. Nd6+ Qxd6 16. Bxd6 Nxb3 17. axb3 a6 18. Rfc1 Kd7 19. Bc5 Rhc8 20. Ra5 Rc7
21. e4 Ne7 22. f3 Ke8 23. b4 Nc6 24. Ra4 Ne5 25. Rca1 Nd3 26. Bd6 Rd7 27. e5 f6
28. f4 Bxg2 29. Kxg2 Rb7 30. R1a3 Nb2 31. Rxa6 Rxa6 32. Rxa6 Nd3 33. Ra3 Nb2 34.
Rc3 Na4 35. Rc8+ Kd7 36. Rh8 h6 37. Rh7 Kc6 38. exf6 gxf6 39. Rxb7 Kxb7 40. Bf8
h5 41. Kh3 e5 42. fxe5 fxe5 43. Kh4 e4 44. Kxh5 e3 45. Bh6 e2 46. Bd2 1-0

[Event "TCh-FRA Top 12 2012"]
[Site "Belfort FRA"]
[Date "2012.06.03"]
[Round "4.6"]
[White "Neiman, Emmanuel"]
[Black "Netzer, Jean"]
[Result "1/2-1/2"]
[WhiteTitle "FM"]
[BlackTitle "IM"]
[WhiteElo "2335"]
[BlackElo "2396"]
[WhiteTeam "METZ Fischer"]
[BlackTeam "BISCHWILLER"]
[WhiteFideId "601616"]
[BlackFideId "623350"]
[EventDate "2012.05.31"]

1. d4 Nf6 2. c4 e6 3. Nf3 d5 4. Nc3 Nbd7 5. cxd5 exd5 6. Bf4 c6 7. e3 Be7 8. h3
Nf8 9. Bd3 Ne6 10. Be5 O-O 11. Qc2 g6 12. O-O Ng7 13. Rfc1 Bf5 14. Rab1 Bxd3 15.
Qxd3 Nf5 16. b4 a6 17. a4 Nd6 18. Nd2 1/2-1/2

[Event "TCh-FRA Top 12 2012"]
[Site "Belfort FRA"]
[Date "2012.06.03"]
[Round "4.2"]
[White "Apicella, Manuel"]
[Black "Van Wely, Loek"]
[Result "1/2-1/2"]
[WhiteTitle "GM"]
[BlackTitle "GM"]
[WhiteElo "2548"]
[BlackElo "2682"]
[WhiteTeam "GRASSE Echecs"]
[BlackTeam "CLICHY Echecs 92"]
[WhiteFideId "600164"]
[BlackFideId "1000268"]
[EventDate "2012.05.31"]

1. c4 c5 2. g3 Nc6 3. Bg2 g6 4. Nc3 Bg7 5. Rb1 e6 6. Nh3 Nge7 7. Nf4 b6 8. b3
Bb7 9. Bb2 d6 10. h4 h6 11. d3 Qd7 12. Qd2 Nd4 13. e4 O-O 14. O-O f5 15. Nce2 e5
16. Nxd4 cxd4 17. Ne2 h5 18. f4 Bh6 19. Rbe1 Kh7 20. Bc1 Ng8 21. exf5 gxf5 22.
Bxb7 Qxb7 23. Qb4 Rad8 24. Rf2 Qg7 25. Ref1 Rf6 26. Kh2 Rdf8 27. Qa3 a5 28. Qb2
R6f7 29. Kh1 Nf6 30. fxe5 dxe5 31. Bxh6 Kxh6 32. Qd2+ Kh7 33. Rxf5 Qg4 34. Ng1
Qxg3 35. Qg5 Qxd3 36. Rxf6 Rxf6 37. Rxf6 Rxf6 38. Qxf6 Qe4+ 39. Nf3 d3 40. Kh2
Kg8 41. Nxe5 d2 42. Qg5+ Kf8 43. Nd7+ Kf7 44. Qxh5+ Ke7 45. Qg5+ Ke6 46. Qxd2
Qxh4+ 47. Kg2 Qg4+ 48. Kf2 Qh4+ 49. Kf1 Qh1+ 50. Ke2 Qh5+ 51. Ke3 Qh3+ 52. Ke2
Qh5+ 53. Ke3 Qh3+ 54. Kd4 Qh8+ 55. Kd3 Kxd7 56. Qe3 Qh7+ 57. Kc3 Kc6 58. Qe6+
Kc7 59. Qe5+ Kc6 60. Kb2 Qf7 61. Qb5+ Kc7 62. Ka3 Qf2 63. Qe5+ Kc6 64. Qe7 Qd2
65. Qe8+ Kc7 66. Qe5+ Kc6 67. Qb5+ Kc7 68. Qe5+ Kc6 69. Qe7 Qf2 70. Qe4+ Kc7 71.
Qd5 Qf8+ 72. Kb2 Qf2+ 73. Kb1 Qe2 74. Qf7+ Kc6 75. Qg6+ Kc7 76. Qc2 Qe1+ 77. Kb2
Qe5+ 78. Qc3 Qe2+ 79. Kb1 Qd1+ 80. Qc1 Qd3+ 81. Qc2 Qf1+ 82. Kb2 Qf6+ 83. Qc3
Qf2+ 84. Kb1 Qf1+ 85. Kc2 Qe2+ 86. Qd2 Qe4+ 87. Kc3 Qf3+ 88. Kd4 Qf6+ 89. Ke4
Qg6+ 90. Kf3 Qh5+ 91. Kg3 Qg6+ 92. Kf2 Qf5+ 93. Ke1 Qb1+ 94. Kf2 Qf5+ 95. Kg3
Qg6+ 96. Kf3 Qh5+ 97. Ke4 Qg6+ 98. Kd4 Qf6+ 99. Kd3 Qf5+ 100. Kc3 Qf3+ 101. Kb2
Qf6+ 102. Ka3 Qf8+ 103. b4 axb4+ 104. Qxb4 Qf3+ 105. Ka4 Qd1+ 106. Qb3 Qd7+ 107.
Ka3 Qd6+ 108. Qb4 Qd3+ 109. Kb2 Qe2+ 110. Kb3 Qd1+ 111. Ka3 Qc1+ 112. Ka4 Qd1+
113. Qb3 Qd7+ 114. Ka3 Qd6+ 1/2-1/2

[Event "TCh-FRA Top 12 2012"]
[Site "Belfort FRA"]
[Date "2012.06.03"]
[Round "4.3"]
[White "Fressinet, Laurent"]
[Black "Nanu, Costica-Ciprian"]
[Result "1-0"]
[WhiteTitle "GM"]
[BlackTitle "GM"]
[WhiteElo "2715"]
[BlackElo "2520"]
[WhiteTeam "CLICHY Echecs 92"]
[BlackTeam "GRASSE Echecs"]
[WhiteFideId "608742"]
[BlackFideId "1204580"]
[EventDate "2012.05.31"]

1. d4 d5 2. c4 c6 3. e3 Nf6 4. Nc3 g6 5. Nf3 Bg7 6. Be2 O-O 7. O-O b6 8. Bd2 Bb7
9. Rc1 Nbd7 10. cxd5 cxd5 11. Qb3 Ne4 12. Rfd1 e6 13. Be1 a6 14. a4 Rc8 15. Rc2
Nd6 16. Rdc1 Qe7 17. Qa3 Nf5 18. Qxe7 Nxe7 19. Nd2 Rfd8 20. Nb3 Bf8 21. a5 b5
22. g4 Rc6 23. f4 Rdc8 24. Bd3 f5 25. h3 Kf7 26. Kf2 R8c7 27. Ke2 Nc8 28. Na2
Rxc2+ 29. Rxc2 Rxc2+ 30. Bxc2 Na7 31. Bb4 Nc6 32. Bxf8 Kxf8 33. Nac1 Bc8 34. Nd3
Ke7 35. Kf3 h6 36. Kg3 Kf7 37. Bd1 Kg7 38. Bf3 Kf7 39. gxf5 gxf5 40. Bh5+ Kf8
41. Kh4 Nf6 42. Bf3 Ne8 43. Ne5 Nd8 44. Nc5 Nd6 45. b3 Kg7 46. Kg3 Kf6 47. Kf2
Ke7 48. Ke1 N6f7 49. Ncd3 Nxe5 50. dxe5 Nc6 51. b4 Bd7 52. Kd2 Bc8 53. Kc3 Bd7
54. Nc5 Bc8 55. Bh5 Nb8 56. Nb3 Nc6 57. Nd4 Na7 58. Bd1 Bd7 59. Bf3 Kd8 60. Kd2
Ke7 61. Ke2 Kf7 62. Bh5+ Kf8 63. Kd3 Bc8 64. Bf3 Ke7 65. Ke2 Bd7 66. Kf2 Kf8 67.
Kg3 Bc8 68. Bd1 Bd7 69. Bb3 Bc8 70. Kh4 Bd7 71. Bd1 Kg8 72. Bh5 Kg7 73. Kg3 Kf8
74. Kf2 Bc8 75. Ke2 Bd7 76. Kd3 Ke7 77. Kc3 Bc8 78. Ne2 Nc6 79. Ng3 Kf8 80. Bf3
Bd7 81. Nh5 Be8 82. Nf6 Bf7 83. Nd7+ Ke7 84. Nc5 Nb8 85. Nb7 Nc6 86. Nd6 Be8 87.
Be2 Kd8 88. Bd1 Ke7 89. Bf3 Kd8 90. Be2 Ke7 91. Nb7 Bf7 92. Nc5 Nb8 93. Nxa6
Nxa6 94. Bxb5 Nc7 95. Be2 Be8 96. Kd4 Nb5+ 97. Bxb5 Bxb5 98. Kc5 Bf1 99. h4 Kd7
100. b5 Kc7 101. a6 Kb8 102. Kd6 Bxb5 103. Kxe6 Bxa6 104. Kxf5 Kc7 105. Kg6 Kd7
106. Kxh6 Ke6 107. h5 Kf7 108. f5 Bd3 109. Kg5 Kg7 110. e6 Kh7 111. f6 1-0

[Event "TCh-FRA Top 12 2012"]
[Site "Belfort FRA"]
[Date "2012.06.03"]
[Round "4.4"]
[White "Sanchez, Joseph"]
[Black "Tregubov, Pavel V."]
[Result "1/2-1/2"]
[WhiteTitle "GM"]
[BlackTitle "GM"]
[WhiteElo "2531"]
[BlackElo "2596"]
[WhiteTeam "GRASSE Echecs"]
[BlackTeam "CLICHY Echecs 92"]
[WhiteFideId "5201233"]
[BlackFideId "4115341"]
[EventDate "2012.05.31"]

1. e4 c5 2. Nf3 Nc6 3. d4 cxd4 4. Nxd4 g6 5. Nc3 Bg7 6. Be3 Nf6 7. Bc4 O-O 8.
Bb3 d6 9. h3 Na5 10. O-O b6 11. Re1 Bb7 12. Bg5 a6 13. Qd2 Nxb3 14. axb3 d5 15.
exd5 Nxd5 16. Bh6 Bxh6 17. Qxh6 Nxc3 18. bxc3 e6 19. Re3 Qc7 20. Rae1 Rad8 21.
f4 Rxd4 22. cxd4 Qxc2 23. Qg5 Qd2 24. Kh2 Qxd4 25. Rg3 Qd2 26. Rf1 Rc8 27. h4
Rc5 28. Qe7 Bc6 29. Qc7 Bb5 30. Qxb6 Rh5 31. Rff3 Rxh4+ 32. Rh3 Rxh3+ 33. Kxh3
Qd7 34. Kh2 Kg7 35. Qc5 h5 36. Qc3+ Kg8 37. Rf2 Qd8 38. Qe5 Bc6 39. Rc2 Qd5 40.
Qb8+ Kg7 41. Qc7 Bb7 42. Qc3+ Kh7 43. Rd2 Qf5 44. Qg3 Bd5 45. Rd3 Kg7 46. Rc3
Qf6 47. Qe3 a5 48. Qe5 Qxe5 49. fxe5 g5 50. Rc5 Bxb3 51. Rxa5 Kg6 52. Ra1 Bc2
53. Rc1 Bf5 54. Kg3 h4+ 55. Kf3 f6 56. exf6 Kxf6 57. Rc5 e5 58. Ra5 g4+ 59. Ke3
h3 60. gxh3 gxh3 61. Ra8 Be6 62. Rh8 Kg5 63. Ke4 Bg4 64. Rxh3 1/2-1/2